000 00590nam a2200229Ia 4500
003 OSt
005 20220916111029.0
006 a|||||r|||| 00| 0
007 ta
008 220915b |||||||| |||| 00| 0 eng d
024 _a123688
037 _cTextbook
040 _beng
_aARTS
_cARTS
041 _aeng
082 _aV663:1:L3, J1
100 _aBlunt W
245 0 _aBlack sunrise : the life and times of Mulai Ismail Emperor of Morocco 1646-1727
260 _c1951
650 _aHISTORY
942 _hV663:1:L3, J1
_cTB
_2CC
999 _c103900
_d103900